| 000 | 00418nam a2200181Ia 4500 | ||
|---|---|---|---|
| 008 | 170918s9999 xx 000 0 und d | ||
| 020 | _a9780545668149 | ||
| 050 | _bS857 2013 | ||
| 100 | _aStilton, Geronimo | ||
| 245 | _aFlood mission / | ||
| 245 | _cby Geronimo Stilton. | ||
| 260 | _aNew York : | ||
| 260 | _bScholastic, | ||
| 260 | _c2013 | ||
| 300 | _a115 pages : | ||
| 300 | _eHeromice ; | ||
| 440 | _a3 | ||
| 999 |
_c343783 _d343783 |
||